000 00214 a2200109 4500
020 _a0790108607
041 _aspa
100 _aHislop, Annette
245 _aEl cumpleanos de Bruno
942 _cBK
999 _c29700
_d29698
999 _d29698